MLB The Show 22 Live Series Diamonds (Updated) - Statistics

General Stats
  • This quiz has been taken 119 times
  • The average score is 29 of 66
Answer Stats
Team (Free agency) Overall Answer % Correct
Yankees 98 Aaron Judge
100%
Angels 92 Mike Trout
97%
Rangers 97 Jacob Degrom
94%
Angels 94 Shohei Ohtani
94%
Phillies 92 Bryce Harper
92%
Padres 92 Fernando Tatis Jr
92%
Mets 90 Max Scherzer
85%
Cardinals 92 Paul Goldschmidt
84%
Mets 91 Justin Verlander
81%
Dodgers 90 Mookie Betts
80%
Astros 89 Jose Altuve
77%
Braves 86 Ronald Acuna Jr
75%
Yankees 89 Gerrit Cole
73%
Mets 85 Fransisco Lindor
72%
Cardinals 91 Nolan Arenado
72%
Padres 90 Manny Machado
71%
Twins 90 Byron Buxton
68%
Mets 94 Edwin Diaz
66%
Astros 90 Yordan Alvarez
66%
Dodgers 87 Freddie Freeman
62%
Guardians 87 Jose Ramirez
62%
Brewers 89 Corbin Burnes
59%
Phillies 89 Trea Turner
59%
Mariners 88 Julio Rodriguez
53%
Braves 89 Spencer Strider
51%
Phillies 86 Aaron Nola
47%
Astros 88 Kyle Tucker
46%
Phillies 88 Zack Wheeler
46%
Phillies 88 J.T. Realmuto
42%
Braves 86 Austin Riley
41%
Astros 85 Alex Bregman
38%
Braves 88 Michael Harris
37%
Giants 87 Carlos Rodon
35%
Dodgers 86 Will Smith
35%
Astros 86 Framber Valdez
33%
Padres 87 Josh Hader
32%
Guardians 86 Shane Bieber
32%
Rays 89 Shane McClanahan
32%
Guardians 88 Emmanuel Clase
30%
Astros 87 Jeremy Pena
30%
Braves 86 Max Fried
29%
Giants 85 Carlos Correa
28%
Padres 86 Yu Darvish
27%
Diamondbacks 87 Zac Gallen
25%
Red Sox 86 Chris Sale
24%
Brewers 86 Brandon Woodruff
23%
Astros 88 Cristian Javier
23%
Cardinals 89 Ryan Helsley
23%
Marlins 86 Sandy Alcantara
23%
White Sox 85 Luis Robert
22%
Cardinals 85 Tommy Edman
22%
White Sox 85 Dylan Cease
20%
Mariners 86 Luis Castillo
19%
Blue Jays 85 Alek Manoah
18%
Dodgers 86 Julio Urias
18%
Astros 86 Ryan Pressley
18%
Guardians 85 Andres Gimenez
16%
Cardinals 85 Albert Pujols
14%
Blue Jays 87 Danny Jansen
14%
Yankees 87 Harrison Bader
14%
Padres 86 Joe Musgrove
14%
Cubs 86 Nico Hoerner
13%
Mariners 86 Andrez Munoz
10%
Dodgers 88 Evan Phillips
10%
Angels 85 Hunter Renfroe
9%
Guardians 85 Triston McKenzie
4%
No matching quizzes found
Score Distribution
Percent of People with Each Score
Percentile by Number Answered
Your Score History
You have not taken this quiz